Từ điển Nga - Việt : Khoàng 43000 từ
Salvato in:
| Autore principale: | |
|---|---|
| Natura: | Libro |
| Lingua: | Undetermined |
| Pubblicazione: |
Moskva
Tiếng Nga
1987
|
| Soggetti: | |
| Tags: |
Aggiungi Tag
Nessun Tag, puoi essere il primo ad aggiungerne! !
|
| Thư viện lưu trữ: | Trung tâm Học liệu Trường Đại học Cần Thơ |
|---|
| LEADER | 00556nam a2200181Ia 4500 | ||
|---|---|---|---|
| 001 | CTU_969 | ||
| 008 | 210402s9999 xx 000 0 und d | ||
| 082 | |a 491.7395922 | ||
| 082 | |b A411/T.2 | ||
| 100 | |a Alikanop, K. M. | ||
| 245 | 0 | |a Từ điển Nga - Việt : | |
| 245 | 0 | |b Khoàng 43000 từ | |
| 245 | 0 | |c K. M. Alikanop, V. V. Ivanop, I. A. Malkhanova | |
| 260 | |a Moskva | ||
| 260 | |b Tiếng Nga | ||
| 260 | |c 1987 | ||
| 650 | |a Russian language,Tiếng Nga,Từ điển | ||
| 980 | |a Trung tâm Học liệu Trường Đại học Cần Thơ | ||